Ewige Tabelle Allsvenskan (Schwedische 1. Liga) - Statistiken

Allgemein
  • Dieses Quiz wurde 81 mal gespielt
  • Das Durchschnittsergebnis liegt bei 15 aus 67
Antwortstatistiken
Punkte Team Spiele Ligazugehörigkeit % Korrekt
333 IFK Malmö 297 4. Liga
97%
3838 Malmö FF 2189 1. Liga
97%
3707 IFK Göteborg 2247 1. Liga
92%
3619 AIK Solna 2319 1. Liga
79%
7 Skövde AIK 22 2. Liga
79%
2555 Djurgardens IF 1700 1. Liga
58%
3159 IFK Norrköping 2036 1. Liga
48%
892 BK Häcken 637 1. Liga
47%
1813 Hammarby 1376 1. Liga
47%
1148 Östers IF 816 2. Liga
45%
2542 Helsingborgs IF 1683 2. Liga
42%
1279 Kalmar FF 954 1. Liga
42%
1763 Örebro SK 1352 2. Liga
32%
2894 EF Elfsborg 1954 1. Liga
30%
213 Östersunds FK 180 2. Liga
30%
535 Trelleborgs FF 486 2. Liga
29%
30 Umea FC 26 3. Liga
29%
1687 GAIS Göteborg 1255 2. Liga
27%
1800 Halmstads BK 1397 1. Liga
26%
49 IFK Värnamo 42 1. Liga
26%
493 GIF Sundsvall 528 2. Liga
24%
145 IFK Sundsvall 130 5. Liga
24%
287 IK Sirius 266 1. Liga
24%
11 Västeras IK 22 5. Liga
23%
86 Västeras SK 96 2. Liga
23%
40 AFC Eskilstuna 60 2. Liga
21%
932 Degerfors IF 731 1. Liga
21%
317 IFK Eskilstuna 317 4. Liga
21%
7 Eskilstuna City FK 22 5. Liga
20%
117 Falkenbergs FF 150 3. Liga
20%
374 Mjällby AIF 322 1. Liga
20%
493 IK Brage 414 2. Liga
18%
977 Landskrona BoIS 800 2. Liga
18%
1792 Örgryte IS 1316 2. Liga
18%
171 Brommapojkarna 188 1. Liga
15%
467 Gefle IF 434 2. Liga
15%
649 Atvidabergs FF 512 3. Liga
14%
18 IFK Lulea 22 4. Liga
14%
257 Västra Frölunda 240 4. Liga
14%
110 Varbergs BoIS 102 1. Liga
12%
24 Dalkurd FF 30 3. Liga
11%
314 Jönköpings Södra IF 280 2. Liga
11%
25 Motala AIF 33 3. Liga
11%
76 Syrianska FC 90 4. Liga
11%
14 Assyriska FF 26 4. Liga
8%
30 IFK Uddevalla 44 5. Liga
8%
14 Brynas 26 5. Liga
6%
44 Ljungskile SK 56 3. Liga
6%
574 Sandvikens IF 471 3. Liga
6%
3 Billingsfors IK 22 Aufgelöst
5%
15 Norrby IF 22 3. Liga
5%
15 BK Derby 26 6. Liga
3%
14 Enköpings SK FK 26 4. Liga
3%
211 Garda BK 176 6. Liga
3%
30 Hallstahammars SK 44 7. Liga
3%
12 Högadals IS 22 8. Liga
3%
10 IFK Holmsund 22 Aufgelöst
3%
18 IF Saab 26 Aufgelöst
3%
19 IK Oddevold 26 3. Liga
3%
472 IK Sleipner 352 4. Liga
3%
231 IS Halmia 244 4. Liga
3%
20 Ludvika FK 22 6. Liga
3%
56 Raa IF 44 6. Liga
3%
20 Redbergslids IK 22 Aufgelöst
3%
16 Reymersholms IK 22 6. Liga
3%
28 Stattena IF 44 Aufgelöst
3%
37 Westermalms IF 44 Aufgelöst
3%
Keine übereinstimmenden Quizze gefunden
Verteilung der Resultate
Anzahl Personen mit jedem Resultat
Perzentil nach korrekt beantworteten Fragen
Ihre Resultats-Entwicklung
Sie haben dieses Quiz noch nicht gespielt